Our Youth, Our Hope (Record no. 123)

MARC details
000 -LEADER
fixed length control field 00485nam a22001217a 4500
008 - FIXED-LENGTH DATA ELEMENTS--GENERAL INFORMATION
fixed length control field 230602b xxu||||| |||| 00| 0 eng d
082 ## - DEWEY DECIMAL CLASSIFICATION NUMBER
Classification number 259.67622
Item number NCC
100 ## - MAIN ENTRY--PERSONAL NAME
Titles and words associated with a name National Council Of Churches of Kenya And Kenya Episcopal Conference- Catholic Justice and Peace Commissionence-Catholic Justice And Peace
Dates associated with a name 2006
245 ## - TITLE STATEMENT
Title Our Youth, Our Hope
Remainder of title Issues Facing The Youth In Kenya
260 ## - PUBLICATION, DISTRIBUTION, ETC. (IMPRINT)
Place of publication, distribution, etc. Nairobi
Name of publisher, distributor, etc. National Council Of Churches Of Kenya
Date of publication, distribution, etc. 2006
300 ## - PHYSICAL DESCRIPTION
Extent 62 pages
942 ## - ADDED ENTRY ELEMENTS (KOHA)
Source of classification or shelving scheme Dewey Decimal Classification
Koha item type Books
Holdings
Withdrawn status Lost status Source of classification or shelving scheme Damaged status Not for loan Home library Current library Date acquired Total Checkouts Full call number Barcode Date last seen Price effective from Koha item type
    Dewey Decimal Classification     Bunge Tower Library Bunge Tower Library 06/02/2023   259.67622 NCC 10015436 06/02/2023 06/02/2023 Books
    Dewey Decimal Classification     Bunge Tower Library Bunge Tower Library 06/02/2023   259.67622 NCC 10014767 06/02/2023 06/02/2023 Books
LIBRARY OPENING HOURS

When the Parliament is sitting: 8.00a.m - 7.00p.m or until the house adjourns
Mondays and Fridays and when the House is on Recess:  8.00a.m - 5.00p.m
Closed on Weekends and Public Holidays

Online Public Access Catalog (OPAC)
Website: http://www.parliament.go.ke
Bunge Library: https://libraryir.parliament.go.ke
Contact: library@parliament.go.ke | Tel no: (254-2)2221291 or 2848000 Ext 5043